MARC

LEADER 00000nam0a2200000 4500
001 61147
005 20231031062417.0
035 |a (RuTPU)RU\TPU\book\64700 
035 |a RU\TPU\book\64698 
090 |a 61147 
100 |a 20040304d1982 k y0rusy50 ca 
101 0 |a rus 
102 |a RU 
105 |a a z 001zy 
200 1 |a Сбор и подготовка газонасыщенной нефти и воды и борьба с коррозией нефтепроводов   |e сборник научных статей  |f Министерство нефтяной промышленности, Всесоюзный научно-исследовательский институт по сбору, подготовке и транспорту нефти и нефтепродуктов; Под ред. А. Г. Гумерова 
210 |a Уфа  |c ВНИИСПТнефть  |d 1982 
215 |a 145 с.  |c ил. 
320 |a Библиография в конце статей 
610 1 |a сборники 
610 1 |a нефть 
610 1 |a нефтепродуктопроводы 
610 1 |a транспортировка 
610 1 |a сборники 
610 1 |a сбор нефти 
610 1 |a газонасыщенная нефть 
610 1 |a нефтепроводы 
610 1 |a коррозия 
610 1 |a защита от коррозии 
675 |a 622.276.8  |v 3 
675 |a 622.276.05  |v 3 
702 1 |a Гумеров  |b А. Г.  |g Асгат Галимьянович  |4 340 
712 0 2 |a Министерство нефтяной промышленности  |2 stltpush  |3 (RuTPU)RU\TPU\col\2024 
712 0 2 |a Всесоюзный научно-исследовательский институт по сбору, подготовке и транспорту нефти и нефтепродуктов 
801 1 |a RU  |b 63413507  |c 20040304  |g PSBO 
801 2 |a RU  |b 63413507  |c 20150311  |g PSBO 
942 |c BK